Equity Trusts Mortgages And Fudiciary Relations (Record no. 687181)

MARC details
000 -LEADER
fixed length control field 00319nam a2200121Ia 4500
008 - FIXED-LENGTH DATA ELEMENTS--GENERAL INFORMATION
fixed length control field 230627s9999 xx 000 0 und d
041 ## - LANGUAGE CODE
Language code of text/sound track or separate title mar
082 ## - DEWEY DECIMAL CLASSIFICATION NUMBER
Classification number 346.059
Item number SIN
100 ## - MAIN ENTRY--PERSONAL NAME
Personal name Singh G.P
245 ## - TITLE STATEMENT
Title Equity Trusts Mortgages And Fudiciary Relations
250 ## - EDITION STATEMENT
Edition statement 7ed.
260 ## - PUBLICATION, DISTRIBUTION, ETC.
Place of publication, distribution, etc. Allahabad
Name of publisher, distributor, etc. Kamal Law House
Date of publication, distribution, etc. 2001
Holdings
Withdrawn status Lost status Damaged status Not for loan Collection Home library Current library Shelving location Date acquired Cost, normal purchase price Total Checkouts Full call number Barcode Date last seen Price effective from Koha item type
        NLP LL.B New Law College, Pune New Law College, Pune NLP-Rack No-17 31/03/2004 120.00   346.059 SIN NLP-N07859 17/07/2023 17/07/2023 Book